000
00314nam a2200121Ia 4500
005
20251222141839.0
008
251222s9999||||xx |||||||||||||| ||spa||
082
_a
574/A78
100
_a
Rodríguez Rodríguez, Aquiles Alfredo
245
0
_a
Biología:
264
_b
Universidad Tecnológica de Panamá
942
_c
LIB
999
_c
7364
_d
7364